000 00563nam a22001937a 4500
999 _c20027
_d20027
005 20171219172336.0
008 171219b2000 ve ||||| |||| 00| 0 spa d
040 _aCO-BoIAVH
_cCO-BoIAVH
041 _aspa
044 _ave
082 1 _a574
_bR69s
245 0 3 _aEl Sistema de Maracaibo
250 _aSegunda edición
260 _aCaracas:
_bInstituto Venezolano de Investigaciones Científicas,
_c2000.
300 _a264 páginas
651 _aVenezuela
_zCuenca de Maracaibo
700 1 _aRodríguez. Gilberto
_eeditor
942 _2ddc
_cLIBRO